000 00831nam a2200217Ii 4500
003 JO-AjNU
008 230605s9999||||xx |||||||||||||| ||und||
040 _aJO-AjNU
_bara
_erda
_cJO-AjNU
041 _aara
050 1 4 _aLB1139.W7.A9 1989
100 3 _aتأليف محمد، عواطف إبراهيم ؛ مراجعة وتقديم إبراهيم عصمت مطاوع,
_eauthor
_952835
245 0 0 _aإعداد الطفل لتعلم الكتابة في الحضانة والرياض
250 _aط3
264 3 1 _aالقاهرة: دار النهضة العربية، 1989
300 _a120ص
336 _atext
_btxt
_2rdacontent
337 _aunmediated
_bn
_2rdamedia
338 _avolume
_bnc
_2rdacarrier
490 0 _aسلسلة دراسات في الطفولة
650 4 _aتعليم الكتابة - أطفال
_952836
999 _aA23428
_c26996
_d26996